000 01168nam a2200265 a 4500
001 000015917
005 20241030114426.0
008 100222s2009 dr ad 000 0 spa d
040 _aDO-SdBNP
_bspa
_cBNPHU
082 _a305.42
_bD812m
100 1 _aDuarte, Isis
_92123
245 1 0 _aMujer y política en la República Dominicana :
_bconsensos y disensos entre las líderes y la ciudadanía /
_cIsis Duarte, Julia Hasbún ; con la colaboracion de Lalito R. Vargas.
260 _aSanto Domingo :
_bSecretaría de Estado de la Mujer,
_c2009.
300 _a235 p. :
_bil., gráfcs. ;
_c26 cm.
500 _aIncluye bibliografía y notas al pie de páginas.
590 _aInventariado, 2018/MFF
650 0 _aMujeres en República Dominicana
_92066
650 4 _aMujeres en el desarrollo social
_921073
650 0 _aMujeres en la política
_92451
650 4 _aMujeres
_xParticipación política
_xInvestigaciones
_935805
700 1 _aHasbún, Julia
_935806
700 1 _aVargas, Lalito R.
_ecol.
_935807
710 1 _aRepública Dominicana.
_bSecretaría de Estado de la Mujer.
_bEscuela de Capacitación Política
_935808
910 _aValidado. Control de calidad EMS
999 _c15459
_d15459